000 019350000a22007090004500
003 LK-CoMWRAF
008 230817t ||||| |||| 00| 0 eng d
040 _aLK-CoMWRAF
_dLK-CoMWRAF
_eLK-CoMWRAF
041 _aeng
082 _a156
_bIBR
100 _aIbrahim, Syed
245 _aHoly Prophet Anecdotes
_b
260 _bValarmathi Pathippakam
_aIndia (Tiruchirappalli 17)
_c
300 _ap.54
490 _aPart Two
650 _aA Mercy
650 _aA new Umar
650 _aAbu Bakr Usman
650 _aAbu Jahl
650 _aAbu Jandal
650 _aAbu Lahab
650 _aAl-Ameen
650 _aAli, the Lad
650 _aAll-abtar
650 _aAllah is the best of Planners
650 _aAn answer with Double Meaning
650 _aCall from Mount Safa
650 _aCamel dung placed on the Prophet
650 _aCave of Hira
650 _aEclipse of the Sun
650 _aFirst Khutba
650 _aGood News
650 _aHe Frowned
650 _aJafar in Abyssinia
650 _aJourney to Syria
650 _aLast days
650 _aLove of Makka
650 _aMessage at Arafat
650 _aMonk Buhaira
650 _aOn the way to Uhad
650 _aOne Camel for three Riders
650 _aProphet Muhammad comes home
650 _aProphet prays for Rain
650 _aProphet's advice to his soldiers
650 _aRomans will Conquer
650 _aShwaib, the Pennyless
650 _aSocial Boycott
650 _aSun and the Moon
650 _aSuraaqa Ibn Maalik
650 _aTableegh in Taaif
650 _aThe Call
650 _aThe Lame Camel
650 _aThe Tallest Head
650 _aThree Kingdoms
650 _aThree ways of Sacrifice
650 _aUqbah attacks the Prophet
650 _aUtba bin Rabia
650 _aVictory and Pardon
650 _aWaleed and Abu Lahab
650 _aZaid, the Slave
942 _cBK
999 _c2028
_d2028